00649nam a2200229 a 4500001001300000003000900013005001700022008004100039020002300080082001300103100001700116245003100133260004000164300000900204500003500213650000800248700001700256902000800273942000700281952011400288999001700402nice12345678IN_TiNIC20260116014126.0100217s2008 newa grp 000 0 eng  a9788125024699c19500a700bALL aAllen, David aStanislavski for Beginners aNew Delhi bOrient Blackswan c2008 a175p aincludes index and biblioraphy aArt1 aAllen, David bSRS cBK 001040708StackRoom-aHMIbHMId2010-04-13g195.00l0o700 ALLp023188r2010-04-13v195.00w2010-02-17yBK c13984d13984